Úvod do studia materiálů

Saved in:
Bibliographic Details
Main Author: Kratochvíl, Bohumil, 1949-
Other Authors: Švorčík, Václav, Vojtěch, Dalibor
Format: Book
Language:Czech
Published: Praha Vysoká škola chemicko-technologická 2012
Edition:1 vyd. (dotisk 2012)
Subjects:
Online Access:View in OPAC
Tags: Add Tag
No Tags, Be the first to tag this record!

MARC

LEADER 00000nam a2200000 a 4500
005 20260127134026.0
008 121024 2012 000 0 cze d
020 |a 9788070805688 
035 |a vtls010463170 
039 9 |a 201801041839  |b AUTHORITY  |y 201210240830  |z mschk03 
040 |a STUSCHK1  |b slo  |c STUSCHK1  |e AACR2 
080 |a 620.2 
080 |a 620.2-039.6 
080 |a 620.2-021.385 
080 |a (075.8) 
100 1 |a Kratochvíl, Bohumil,  |d 1949-  |9 836 
245 1 |a Úvod do studia materiálů  |c Bohumil Kratochvíl, Václav Švorčík, Dalibor Vojtěch 
250 |a 1 vyd. (dotisk 2012) 
260 |a Praha  |b Vysoká škola chemicko-technologická  |c 2012 
300 |a 190 s.  |b il.  |c 28 cm 
500 |a Obsahuje bibliografiu 
650 0 |a materiály  |x učebnica vysokých škôl 
650 0 |a anoirganické materiály 
650 0 |a kompoziotné materiály 
700 1 |a Švorčík, Václav 
700 1 |a Vojtěch, Dalibor 
910 |a SCHK95 
919 |a 978-80-7080-568-8 
999 |c 2345  |d 2345